| 000 | 00849nam a2200313Ia 4500 | ||
|---|---|---|---|
| 003 | OSt | ||
| 005 | 20220912151429.0 | ||
| 006 | a|||||r|||| 00| 0 | ||
| 007 | ta | ||
| 008 | 220909b |||||||| |||| 00| 0 eng d | ||
| 020 | _a0878936165 (hbd) | ||
| 024 | _a8512 | ||
| 037 | _bN R Book, | ||
| 037 | _cTextbook | ||
| 040 |
_aCSL _beng _cCSL |
||
| 041 | _aeng | ||
| 082 | _aL6:(S), P0 | ||
| 100 | _aNelson Randy J | ||
| 245 | 0 | _aIntroduction to behavioral endocrinology | |
| 250 | _a2 | ||
| 260 |
_aSunderland _bSinauer Associates Inc _c2000 |
||
| 300 | _a724p | ||
| 500 | _aGlossary 659-666p; Bibliographical references 667-710p; Index 712-724p | ||
| 650 | _a Behavioral | ||
| 650 | _a Endocrinology | ||
| 650 | _aMedicine | ||
| 942 |
_hL6:(S), P0 _cTB _2CC |
||
| 999 |
_c68465 _d68465 |
||